=LDR 00000nam 2200000 4500 =001 INLIS000000000056566 =005 20200914110048 =035 ##$$a 0010-0920000197 =007 ta =008 200914###########################0###### =082 ##$$a 593.607 2 =084 ##$$a 593.607 2 Din d =245 1#$$a Laporan Penelitian : $b Distribusi spatial terumbukarang di kawasan perairan gili tangkong, lombok barat /$c Dinil Aidil Candri =300 ##$$a iii, 26 halaman ; $c 28 cm =700 #$$a Arben Virgota =600 #4$$a Terumbukarang - Penelitian =264 ##$$a Mataram :$b UNRAM, AKULTAS MIPA,$c 2018 =336 ##$$a Text$2 rdacontent =337 ##$$a Laporan$2 rdamedia =338 ##$$a Lain-lain$2 rdacarrier =990 ##$$a 33153315 =990 ##$$a 102/49/2020